| 000 | 02211njm a2200397Ia 4500 | ||
|---|---|---|---|
| 001 | 20791 | ||
| 003 | IT-RoPAU | ||
| 005 | 20220918181125.0 | ||
| 008 | 131025s9999 xx 000 0 und d | ||
| 040 | _aIT-RoPAU | ||
| 040 | _cIT-RoPAU | ||
| 041 | _aITALIANO | ||
| 999 |
_c100124 _d100124 |
||
| 999 | _bn.d. | ||
| 100 |
_aAA.VV. _9794 |
||
| 100 |
_eAutore musica _93496 |
||
| 100 |
_gCodice autore musica SPICS: 12000 _9796 |
||
| 245 | _aTornano i Cetra | ||
| 250 | _a2a ed. | ||
| 260 | _aMILANO | ||
| 260 |
_bFRATELLI FABBRI EDITORI _c1982 [1a Ed.:1970] |
||
| 300 | _aDISCO | ||
| 300 | _c26 minuti (Testo: pag.) | ||
| 500 | _aLa canzone italiana. I big degli anni '50. Animali, ricordi, storia di Marcellino, favola del nonno, battello carico di pomodoro, si fa di tutto per una donna, speranza. | ||
| 505 | _aNella vecchia fattoria (3:00) - Vecchia America (4:00) - In un palco della Scala (4:00) - Ricordate Marcellino (4:00) - Aveva un bavero (4:00) - Pummarola boat (3:00) - Donna (3:00) - Raggio di sole (4:00) | ||
| 511 | _aQuartetto Cetra (Il) | ||
| 650 |
_aCANZONE ITALIAN [DISCHI] _eCodice MATERIA SPICS: 9950 _93497 |
||
| 700 |
_aGiacobetti Giovanna (Tata) _gCodice autore musica SPICS: 13483 _eAutore musica _pNella vecchia fattoria - Ricordate Marcellino - Pummarola boat _93498 |
||
| 700 |
_aSavona Virgilio A. _gCodice autore SPICS: 1568 _eAutore _pNella vecchia fattoria - Ricordate Marcellino - Pummarola boat _93499 |
||
| 700 |
_aKramer Gorni _gCodice autore testo/musica SPICS: 11552 _eAutore testo/musica _pNella vecchia fattoria - In un palco della Scala - Donna - Raggio di sole _93500 |
||
| 700 |
_aLuttazzi Lelio _gCodice autore testo/musica SPICS: 13480 _eAutore testo/musica _pVecchia America _93501 |
||
| 700 |
_aGiovannini Sandro _gCodice autore musica SPICS: 13634 _eAutore musica _pIn un palco della Scala - Donna - Raggio di sole _93502 |
||
| 700 |
_aGarinei Pietro _gCodice autore SPICS: 13576 _eAutore _pIn un palco della Scala - Donna - Raggio di sole _93503 |
||
| 700 |
_aRipa Virgilio _gCodice autore musica SPICS: 13647 _eAutore musica _pAveva un bavero _93504 |
||
| 700 |
_aPanzeri Mario _gCodice autore testo/musica SPICS: 13372 _eAutore testo/musica _pAveva un bavero _93505 |
||
| 942 |
_cMD _2ddc |
||